00374nam a2200145Ia 4500003000400000005001700004008004100021020001800062040000900080082001800089100002600107245004300133260004300176300000900219OSt20200821105443.0190216s9999||||xx |||||||||||||| ||und|| a9788126161652 coclc a664.07bCHA/F a Chauhan, Sunil Kumar 0aFood Chemistry /cSunil Kumar Chauhan bAnmol Publications,c2014.aNew Delhi: a297p